Foreign direct investment and economic development: (Record no. 26049)

MARC details
000 -LEADER
fixed length control field 01007nam a22002537a 4500
005 - DATE AND TIME OF LATEST TRANSACTION
control field 20090504104614.0
008 - FIXED-LENGTH DATA ELEMENTS--GENERAL INFORMATION
fixed length control field 090504t xxu||||| |||| 00| 0 eng d
010 ## - LCCN (DPL NO)
LC control number ENG-93401
020 ## - INTERNATIONAL STANDARD BOOK NUMBER
International Standard Book Number 8188683760
Terms of availability 550.00
020 ## - INTERNATIONAL STANDARD BOOK NUMBER
International Standard Book Number 9788188683765
Terms of availability 550.00
035 ## - SYSTEM CONTROL NUMBER
System control number EN-76934
037 ## - SOURCE OF ACQUISITION
Source of stock number/acquisition DBAD / PUB
040 ## - CATALOGING SOURCE
Original cataloging agency dpl
Language of cataloging English
082 ## - DEWEY DECIMAL CLASSIFICATION NUMBER
Classification number 332.673
245 ## - TITLE STATEMENT
Title Foreign direct investment and economic development:
Statement of responsibility, etc edited by Ravishankar Kumar Singh [and] V.S. Kulkarni
Remainder of title essays in Honour of Dr. Manmohan Singh /
260 ## - PUBLICATION, DISTRIBUTION, ETC. (IMPRINT)
Place of publication, distribution, etc Delhi
Name of publisher, distributor, etc Abhijeet Publications
Date of publication, distribution, etc 2006
270 ## - ADDRESS
Address 2/46 Tukhmeerpur Extension
City Delhi
Postal code 110094
300 ## - PHYSICAL DESCRIPTION
Extent xiv, 178p.
Dimensions 22cm (Hb)
500 ## - GENERAL NOTE
General note Includes references
700 ## - ADDED ENTRY--PERSONAL NAME
Personal name Ravishankar Kumar Singh
700 ## - ADDED ENTRY--PERSONAL NAME
Personal name Kulkarni, V.S.
942 ## - ADDED ENTRY ELEMENTS (KOHA)
Source of classification or shelving scheme Dewey Decimal Classification
Item type English Books
Call number suffix FOR
Classification part 332.673
Holdings
Withdrawn status Lost status Source of classification or shelving scheme Damaged status Not for loan Collection code Home library Current library Date acquired Source of acquisition Cost, normal purchase price Total Checkouts Full call number Barcode Date last seen Copy number Cost, replacement price Koha item type
    Dewey Decimal Classification   Not For Loan Non-fiction D.B.Act.Division D.B.Act.Division 04/05/2009 DBAD / PUB 550.00   332.673 FOR EN-76934 04/05/2009 1 550.00 English Books

© Delhi Public Library
Hit Counter
free hit counter